El discurso de Juan Ruiz de Alarcón : texto y representación /

Guardado en:
Detalles Bibliográficos
Autor principal: Revueltas, Eugenia (autor)
Formato: Libro
Idioma:Español
Publicado: Zamora, México : El Colegio de Michoacán, 1999, c1999
Colección:(Ensayos)
Temas:
Etiquetas: Agrega una etiqueta
Sin etiquetas, Sé el primero en etiquetar este registro!

MARC

LEADER 00000nam^a2200000^a^4500
001 000155595
005 20250521000000.0
009 20260310100432.713
020 |a 970-679-002-0 
037 |a Acervo ITESO - Biblioteca 
041 |a ESP 
082 |a 860. 97203  |b REV 
100 |a Revueltas, Eugenia  |e (autor) 
245 1 3 |a El discurso de Juan Ruiz de Alarcón :  |b texto y representación /  |c E. Revueltas. 
264 4 |a Zamora, México :  |b El Colegio de Michoacán,  |c 1999, c1999 
300 |a 344 p. 
336 |a texto  |b txt  |2 rdacontenido 
337 |a sin mediación  |b n  |2 rdamedio 
338 |a volumen  |b nc  |2 rdasoporte 
440 1 |a (Ensayos) 
649 |a XX 
650 |a Escritores Mexicanos 
650 |a Comedia Mexicana -  |x Historia y Crítica 
650 |a Teatro Mexicano -  |x Historia y Crítica 
650 |a Literatura Mexicana -  |x Historia y Crítica 
650 |a Literatura Mexicana -  |y Siglo XVII 
650 |a Literatura Mexicana -  |y Epoca Colonial, 1517-1821 
650 |a Ruiz de Alarcón, Juan -  |x Tema Principal 
910 |a Fondo General 
920 |a Impresos - Libros 
930 |a Colección General 
940 |a Literatura 
905 |a 101 
901 |a 0500083335  |b IT1  |c LIT  |u 20250521 
902 |a https://opac.biblio.iteso.mx/vufind/Record/000155595